Amor, familia, sexualidad /

Este libro está integrado por ocho artículos que pretenden dar cuenta de las transformaciones en las formas de vivir el amor, la familia y la sexualidad, de tres siglos antes de Cristo hasta los albores de la Epoca Moderna. Es una obra que intenta poner de manifiesto el interés del historiador actua...

Descripció completa

Guardat en:
Dades bibliogràfiques
Autor principal: Firpo, Arturo (comp.)
Format: Llibre
Idioma:espanyol
Publicat: Barcelona, España : Argot, 1984
Col·lecció:(Nueva Historia)
Matèries:
Etiquetes: Afegir etiqueta
Sense etiquetes, Sigues el primer a etiquetar aquest registre!

MARC

LEADER 00000nam^a2200000^a^4500
001 000000163
005 20250521000000.0
009 20260310083015.926
020 |a 84-85860-09-8 
037 |a Acervo ITESO - Biblioteca 
041 |a ESP 
082 |a 305. 3  |b FIR 
100 |a Firpo, Arturo  |e (comp.) 
245 1 0 |a Amor, familia, sexualidad /  |c Comp. de A. Firpo. 
264 1 |a Barcelona, España :  |b Argot,  |c 1984 
300 |a 255 p. 
336 |a texto  |b txt  |2 rdacontenido 
337 |a sin mediación  |b n  |2 rdamedio 
338 |a volumen  |b nc  |2 rdasoporte 
440 1 |a (Nueva Historia) 
520 |a Este libro está integrado por ocho artículos que pretenden dar cuenta de las transformaciones en las formas de vivir el amor, la familia y la sexualidad, de tres siglos antes de Cristo hasta los albores de la Epoca Moderna. Es una obra que intenta poner de manifiesto el interés del historiador actual por los secretos del hombre, el interés de una historia de la intimidad. 
649 |a XX 
650 |a Amor -  |z Italia -  |x Historia 
650 |a Familia -  |z Europa -  |x Historia -  |x Tema Principal 
650 |a Sexualidad -  |z Europa -  |x Historia -  |x Tema Principal 
650 |a Sociología de la Cultura -  |z Europa 
910 |a Fondo General 
920 |a Impresos - Libros 
930 |a Colección General 
905 |a 101 
901 |a 0001630100  |b IT1  |c ACC  |i 000163  |u 20250521 
902 |a https://opac.biblio.iteso.mx/vufind/Record/000000163